[Event "AUTO-ADV-724"]
[Site "http://www.queenalice.com/game.php?id=309899"]
[Date "2007.11.25"]
[Round "1"]
[White "rob0330"]
[Black "igatho42"]
[Result "0-1"]
[WhiteElo "1761"]
[BlackElo "1679"]

1. c4 e5 2. Nc3 Nf6 3. f4 exf4 4. d4 Bb4 5. Bxf4 Nc6 6. d5 Ne7 7. Nf3 Ne4 8. Qd4
Nf6 9. O-O-O d6 10. e4 Bg4 11. Be2 O-O 12. h3 Bd7 13. e5 dxe5 14. Bxe5 Ng6 15.
Bxf6 gxf6 16. Ne4 Be7 17. g4 c5 18. Nxc5 Rc8 19. Nxd7 Qxd7 20. d6 Bd8 21. c5 b6
22. b4 bxc5 23. bxc5 Qc6 24. Rd2 Ne5 25. Nxe5 Qxh1+ 26. Rd1 Qh2 27. d7 Rc7 28.
Nxf7 Kxf7 29. Qd5+ Kg7 30. Bd3 Qf4+ 31. Rd2 Rf7 32. Qh5 Rfxd7 33. Qxh7+ Kf8 34.
Qh8+ Ke7 35. Qg7+ Ke6 36. Bc4+ Ke5 0-1

[Event "AUTO-ADV-724"]
[Site "http://www.queenalice.com/game.php?id=309900"]
[Date "2007.11.25"]
[Round "1"]
[White "igatho42"]
[Black "rob0330"]
[Result "1-0"]
[WhiteElo "1642"]
[BlackElo "1765"]

1. e4 e5 2. Nf3 Nc6 3. Bc4 f5 4. exf5 d5 5. Bb5 Bxf5 6. Nxe5 Qe7 7. d4 Nf6 8.
O-O Ng4 9. Nxg4 Qd6 10. Re1+ Be7 11. Bxc6+ Qxc6 12. Ne5 Qf6 13. Nc3 O-O-O 14.
Qf3 Bd6 15. Bf4 g5 16. Nxd5 g4 17. Qc3 Qf7 18. Nxf7 1-0

[Event "Challenge"]
[Site "http://www.queenalice.com/game.php?id=310011"]
[Date "2007.11.25"]
[Round "-"]
[White "igatho42"]
[Black "duck"]
[Result "0-1"]
[WhiteElo "1684"]
[BlackElo "2064"]

1. e4 c5 2. Nf3 a6 3. c3 e5 4. Bc4 Nc6 5. d3 b5 6. Bd5 Bb7 7. Nxe5 Nxe5 8. Bxb7
Ra7 9. Qh5 Nxd3+ 10. Ke2 Nxc1+ 11. Rxc1 Rxb7 12. Nd2 Nf6 13. Qg5 h6 14. Qg3 Qc7
15. f3 Qxg3 16. hxg3 d5 17. e5 Nd7 18. f4 c4 19. Nf3 Be7 20. Nd4 Rb6 21. Rh1 Nc5
22. Nf5 Rg8 23. Rad1 b4 24. Rxd5 Ne4 25. Ke3 bxc3 26. Kxe4 cxb2 27. Rdd1 c3 28.
Kd3 Rc6 29. Nd4 Rc8 30. Kc2 g5 31. f5 Bf8 32. Rhe1 Bb4 33. Rb1 Rc4 34. Nf3 g4
35. Ng1 Rg5 36. Rf1 Re4 37. Rbe1 Rxf5 0-1

[Event "Desafio"]
[Site "http://www.queenalice.com/game.php?id=358224"]
[Date "2008.2.21"]
[Round "-"]
[White "mauricio_sm"]
[Black "igatho42"]
[Result "0-1"]
[WhiteElo "1775"]
[BlackElo "1776"]

1. e4 c5 2. Nf3 Nc6 3. Bb5 a6 4. Bxc6 bxc6 5. Nc3 d5 6. d3 Bg4 7. h3 Bh5 8. Be3
d4 9. Qd2 dxe3 10. Qxe3 Bxf3 11. Qxf3 Nf6 12. O-O e5 13. Qf5 Bd6 14. Rfe1 O-O
15. Qf3 Rb8 16. b3 Qa5 17. Ne2 Qd2 18. c4 Bc7 19. Ng3 Ba5 20. Qd1 Qxd1 21. Rexd1
Bc3 22. Rac1 Bd4 23. Nf5 Nh5 24. Kf1 Rfe8 25. Nd6 Re6 26. Nf5 Nf4 27. h4 a5 28.
g3 Ng6 29. Kg2 Ne7 30. Nxd4 cxd4 31. f4 exf4 32. gxf4 f5 33. e5 c5 34. Rb1 Rg6+
35. Kh3 Rg4 36. Rg1 h5 37. Rg2 Ng6 38. Rxg4 fxg4+ 39. Kg3 Rf8 40. Re1 Rxf4 41.
a3 Rf3+ 42. Kg2 Nxh4+ 43. Kh1 Re3 44. Rxe3 dxe3 45. Kg1 g5 46. Kf1 g3 47. Ke2
Nf5 48. e6 h4 49. Kf3 Kg7 50. b4 Kf6 51. bxa5 Nd4+ 52. Kxe3 h3 53. a6 Nc6 54.
Kf3 g2 55. Kf2 Kxe6 56. a4 g4 57. Kg1 Ke5 58. Kh2 Kf4 59. a5 g3+ 60. Kxh3 g1=Q
61. a7 Qh2# 0-1

[Event "Challenge"]
[Site "http://www.queenalice.com/game.php?id=360300"]
[Date "2008.2.24"]
[Round "-"]
[White "igatho42"]
[Black "ericacars"]
[Result "1-0"]
[WhiteElo "1751"]
[BlackElo "1232"]

1. e4 e5 2. Nf3 f6 3. Nc3 Nh6 4. Bc4 Ng4 5. d3 Bb4 6. O-O g5 7. a3 Be7 8. h3 Nh6
9. Be3 Nf7 10. Bxf7+ Kxf7 11. Nd5 Ke8 12. Nxe5 fxe5 13. Qh5+ Kf8 14. g3 Kg8 15.
f4 Qf8 16. fxg5 Na6 17. Rxf8+ Bxf8 18. g6 d6 19. Rf1 Kg7 20. Bh6+ Kg8 21. Nf6#
1-0

[Event "Desafio"]
[Site "http://www.queenalice.com/game.php?id=360430"]
[Date "2008.2.25"]
[Round "-"]
[White "igatho42"]
[Black "emiliano"]
[Result "0-1"]
[WhiteElo "1764"]
[BlackElo "1839"]

1. d4 d5 2. c4 e6 3. Nf3 Nf6 4. Bg5 Be7 5. Nc3 O-O 6. cxd5 exd5 7. h3 h6 8. Bxf6
Bxf6 9. e3 b6 10. Bd3 Bb7 11. O-O Na6 12. a3 c5 13. Qa4 c4 14. Bf5 g6 15. Bb1
Qe8 16. Qc2 b5 17. Ne2 Nc7 18. Nf4 Ne6 19. Nxe6 fxe6 20. Qxg6+ Qxg6 21. Bxg6 Bc8
22. a4 Bd7 23. axb5 Bxb5 24. Ra5 a6 25. Bc2 Rfc8 26. Rfa1 c3 0-1

[Event "Desafio"]
[Site "http://www.queenalice.com/game.php?id=360431"]
[Date "2008.2.25"]
[Round "-"]
[White "igatho42"]
[Black "clemerson"]
[Result "0-1"]
[WhiteElo "1788"]
[BlackElo "1890"]

1. d4 d5 2. c4 e6 3. Nf3 Nf6 4. Bg5 Be7 5. Nc3 Nc6 6. e3 Ng4 7. Bf4 Bb4 8. h3
Nf6 9. cxd5 Nxd5 10. Rc1 Nxc3 11. bxc3 Ba5 12. Bb5 a6 13. Bxc6+ bxc6 14. Qa4 Qd5
15. O-O Bb6 16. c4 Qd7 17. Ne5 Qd8 18. Qxc6+ Bd7 19. Nxd7 Qxd7 20. Qxa8+ Qd8 21.
Qxd8+ Kxd8 22. c5 Ba5 23. Rb1 Kd7 24. Rfc1 Kc6 25. Rb3 f6 26. Rcb1 Rf8 27. Rb7
Ra8 28. Kf1 g5 29. Bg3 h5 30. f4 g4 31. hxg4 hxg4 32. Rb8 Ra7 33. Bh4 f5 0-1

[Event "Desafio"]
[Site "http://www.queenalice.com/game.php?id=360434"]
[Date "2008.2.25"]
[Round "-"]
[White "igatho42"]
[Black "anandya"]
[Result "0-1"]
[WhiteElo "1776"]
[BlackElo "1883"]

1. d4 d5 2. c4 c6 3. Nf3 dxc4 4. Nc3 e6 5. e4 b5 6. a4 a6 7. Be2 Nf6 8. Bg5 Be7
9. O-O h6 10. Bxf6 Bxf6 11. e5 Be7 12. Qc2 Bb7 13. axb5 cxb5 14. Rfe1 Nd7 15.
Nd2 Nf8 16. Bf3 Qd7 17. Bxb7 Qxb7 18. Nde4 Ng6 19. Nc5 Bxc5 20. Ne4 Be7 21. Rad1
O-O 22. g3 Rad8 23. Qc3 Rd7 24. Qe3 Rfd8 25. f4 Qa7 26. Kh1 Rxd4 27. Rxd4 Rxd4
28. Nd6 Bxd6 0-1

[Event "Desafio"]
[Site "http://www.queenalice.com/game.php?id=360435"]
[Date "2008.2.25"]
[Round "-"]
[White "igatho42"]
[Black "Paulsains"]
[Result "0-1"]
[WhiteElo "1709"]
[BlackElo "1841"]

1. e4 e5 2. Nf3 Nc6 3. Bc4 h6 4. c3 Nf6 5. d4 exd4 6. cxd4 Nxe4 7. O-O d5 8. Bb5
Bd7 9. Re1 Be7 10. Bf4 O-O 11. Nc3 Nxc3 12. bxc3 Re8 13. Rb1 b6 0-1

[Event "Challenge"]
[Site "http://www.queenalice.com/game.php?id=367787"]
[Date "2008.3.8"]
[Round "-"]
[White "EL_CHICO"]
[Black "igatho42"]
[Result "0-1"]
[WhiteElo "2031"]
[BlackElo "1751"]

1. e4 c5 2. c3 Nc6 3. d4 cxd4 4. cxd4 d6 5. Nc3 g6 6. Bb5 Bd7 7. Nf3 Bg7 8. O-O
Nf6 9. Re1 O-O 10. Bg5 a6 11. Bxc6 bxc6 12. Qc2 h6 13. Bxf6 Bxf6 14. e5 dxe5 15.
dxe5 Bg7 16. Rad1 Qc7 17. Na4 Bf5 18. Qc5 Rab8 19. b3 Rfd8 20. Rxd8+ Rxd8 21.
Nd4 e6 22. Nxc6 Bf8 23. Qb6 Qxb6 24. Nxb6 Rd2 25. Nc4 Rxa2 26. Nd4 Bb4 27. Rd1
Bc5 28. Ne3 Bxd4 29. Rxd4 Ra1+ 30. Nf1 Rb1 31. b4 Kf8 32. f4 g5 33. g3 Bh3 34.
Kf2 Rxf1+ 35. Ke3 Re1+ 36. Kd2 Rh1 37. Rd8+ Ke7 38. Ra8 Bf1 39. Ra7+ Ke8 40.
Ra8+ Kd7 41. Ra7+ Ke8 42. Ra8+ Ke7 43. Ra7+ Kf8 44. Ra8+ Kg7 45. fxg5 Rxh2+ 46.
Ke1 Bb5 47. gxh6+ Rxh6 48. Rc8 Rg6 49. Rc3 Rg5 50. Re3 Kg6 51. Kd2 Rg4 52. Kc3
Kf5 53. Rf3+ Kxe5 54. Rxf7 Rxg3+ 55. Kb2 Kd4 56. Rc7 e5 57. Rc1 e4 58. Rc2 e3
0-1

[Event "Bum!"]
[Site "http://www.queenalice.com/game.php?id=368919"]
[Date "2008.3.10"]
[Round "-"]
[White "dahora"]
[Black "igatho42"]
[Result "1-0"]
[WhiteElo "2128"]
[BlackElo "1753"]

1. d4 Nf6 2. c4 e6 3. Nc3 Bb4 4. Nf3 b6 5. e3 Bb7 6. Be2 O-O 7. Bd2 d6 8. O-O
Nbd7 9. Qc2 c5 10. a3 Bxc3 11. Bxc3 cxd4 12. Nxd4 Rc8 13. Rac1 d5 14. cxd5 Nxd5
15. Rfd1 Qg5 16. Nf3 Qe7 17. Qd2 N7f6 18. Bd3 Nxc3 19. Rxc3 Bxf3 20. gxf3 Nd5
21. Rxc8 Rxc8 22. e4 Nf6 23. Qf4 Nh5 24. Qg4 Nf6 25. Qg5 h6 26. Qg3 Nh5 27. Qg4
Nf6 28. Qh4 Qc5 29. f4 Kf8 30. e5 Nd5 31. f5 Ne3 32. fxe3 Qxe3+ 33. Qf2 Qxe5 34.
Re1 Qd5 35. fxe6 Rc7 36. Qf4 Qc5+ 37. Kf1 Re7 38. Bg6 Qb5+ 39. Re2 Ke8 40. Qb8#
1-0

[Event "Desafio"]
[Site "http://www.queenalice.com/game.php?id=368968"]
[Date "2008.3.10"]
[Round "-"]
[White "igatho42"]
[Black "dahora"]
[Result "0-1"]
[WhiteElo "1778"]
[BlackElo "2129"]

1. e4 e6 2. d4 d5 3. exd5 exd5 4. c4 dxc4 5. Bxc4 Nf6 6. Bg5 Be7 7. Nc3 O-O 8.
Nf3 Nbd7 9. O-O b6 10. Re1 Bb7 11. Bd3 h6 12. Bh4 c5 13. dxc5 Nxc5 14. Be2 Qc7
15. Bg3 Qc8 16. Rc1 Qf5 17. Qc2 Nce4 18. Nxe4 Bxe4 19. Qc7 Bc5 20. Nh4 Qd5 21.
Bc4 Qd7 22. Qxd7 Nxd7 23. Rxe4 Nf6 24. Re2 Rae8 25. Rxe8 Rxe8 26. Nf3 Ne4 27.
Re1 Kf8 28. a3 f5 29. Kf1 Bd4 30. Rxe4 Rxe4 31. Bd6+ Ke8 32. Bb5+ Kf7 33. Nxd4
Rxd4 34. Bb8 Rd1+ 35. Ke2 Rb1 36. b3 Kf6 37. Bc4 b5 38. Bd5 Ra1 39. Bd6 g5 40.
Bb4 Ra2+ 41. Kf3 Rc2 42. Bf8 Rc8 43. Bb4 Rd8 44. Bc6 Rd3+ 45. Ke2 Rxb3 46. Bxb5
Rb2+ 47. Ke3 f4+ 48. Kf3 Rb3+ 49. Ke4 Rb1 50. Bd3 Rh1 51. h3 Rg1 52. Bc3+ Kf7
53. Kf3 Rd1 54. Be2 Rc1 55. Bd4 Rc7 56. Ke4 Re7+ 0-1